000 00892nam a2200301 a 4500
001 000110491
003 CHAP
005 20220329144136.0
008 140904s2010 mx a |r| |||||||spa d
010 _a106953
011 _a107925
020 _a6079017200
040 _cCHAP
090 _aFolleto 18475
100 1 _aCáceres Carenzo, Raúl
_923960
245 1 3 _aEl canto de la tierra :
_bpoemas de evocación lírica del pueblo natal.
260 _aYucatan, Méx :
_bInstituto de Cultura de Yucatán,
_c2010.
300 _a37 p. :
_bil.
590 _aE11695DGD
_b10
_c20140908
_lUCH01
_h1116
590 _aE5652GLJ
_b05
_c20140904
_lUCH01
_h0853
590 _aE5652GLJ
_b05
_c20140904
_lUCH01
_h0920
590 _aE5652GLJ
_b05
_c20140904
_lUCH01
_h0927
650 1 4 _aLiteratura mexicana.
_967138
650 1 4 _aPoesía mexicana.
_990146
901 _aBK
942 _cFOLL
942 _n0
999 _c106953
_d106953